000
00286nam a22001337a 4500
008
170807b xxu||||| |||| 00| 0 eng d
020
_a
2900763837500
041
_a
eng
080
_a
004
100
_a
33
101
_a
SHK
245
_a
OUR DIGITAL WORLD
_c
GORDON,J
942
_2
udc
_c
BK
999
_c
22747
_d
22747